Un altre assessorament per a l'escola: l'assessorament psicopedagògic des d'una perspectiva comunitària
Guardat en:
| Autors principals: | , , |
|---|---|
| Format: | Llibre |
| Idioma: | català |
| Publicat: |
Barcelona
La Galera
2002
|
| Col·lecció: | Pensaments, 6
|
| Matèries: | |
| Etiquetes: |
Afegir etiqueta
Sense etiquetes, Sigues el primer a etiquetar aquest registre!
|
MARC
| LEADER | 00000nam a2200000 a 4500 | ||
|---|---|---|---|
| 001 | UCM6375 | ||
| 003 | CL-VaPUC | ||
| 008 | 021108e20020000SP |||||||||||||||||cat|d | ||
| 082 | 0 | 4 | |a 370.15 |b REY |2 21 |
| 100 | 0 | |a Reyes Carretero Torres, María |e author |9 472183 | |
| 700 | 0 | |a Pujolàs Maset, Pere |e author |9 472184 | |
| 700 | 0 | |a Serra Capallera, Joan |e author |9 472185 | |
| 245 | 1 | 3 | |a Un altre assessorament per a l'escola: l'assessorament psicopedagògic des d'una perspectiva comunitària |
| 300 | |a 322 p | ||
| 942 | |c BK | ||
| 945 | |d 20021108 00:00:00 |a cmena | ||
| 260 | |a Barcelona |b La Galera |c 2002 | ||
| 650 | 0 | |a Psicología educacional |9 307830 | |
| 650 | 0 | |a Investigación educacional |9 261192 | |
| 583 | |a last modification |c 20130101 09:53:42 |k Rodrigo Vera | ||
| 490 | 0 | |a Pensaments, 6 | |
| 999 | |c 301785 |d 301783 | ||
| 952 | |0 0 |1 0 |4 0 |6 370_150000000000000_REY_2002 |7 0 |8 P |9 361430 |a BIBEDU |b BIBEDU |c BIBEDU_PB |d 2019-11-21 |i 3835626 |o 370.15 REY 2002 |p 3835626 |r 2024-01-25 |w 2019-11-21 |y BK |k BME | ||